| 000 | 00500nam a22001817a 4500 | ||
|---|---|---|---|
| 005 | 20251204170455.0 | ||
| 008 | 251203b |||||||| |||| 00| 0 eng d | ||
| 020 | _a978-1-319-49865-8 | ||
| 041 | _aeng | ||
| 082 | _a571.96 STR-K | ||
| 100 |
_aSTRANFORD, SHARON A. AND OWEN, JUDITH.A PUNT, JENNI AND JONES, PATRICIA P. _98840 |
||
| 245 | _aKUBY IMMUNOLOGY | ||
| 250 | _a8TH. ED. | ||
| 260 |
_aU.K. _bMcMILLAN LEARNING _c2023 |
||
| 300 | _aI-22;P | ||
| 650 |
_aPARAMEDICAL _98669 |
||
| 942 | _cBK | ||
| 999 |
_c9021 _d9019 |
||